000 00273nam a22001217a 4500
008 181101b xxu||||| |||| 00| 0 eng d
041 _aeng
080 _23TH
_a370
100 _a49
101 _aEDU
245 _aHndbook Of Current english
_cSmith.C.P
942 _2udc
_cBK
999 _c51499
_d51499